000
00295nam a2200121Ia 4500
008
190216s9999||||xx |||||||||||||| ||und||
100
_a
Samuel Glasstone
245
0
_a
Text Book Of Physical Chemistry
260
_b
Macmillan
_c
1970
300
_a
362p
650
_a
Chemistry-Chemistry
942
_c
BK
999
_c
2532
_d
2532